00557nam a2200157 i 4500001000300000100002300003245003300026260001800059490007300077830007300150040000800223041000800231080002100239008004100260856009800301bg1 aBIELAK, Stanisław 0aTeoria powłok /cS. Bielak. aOpole,c1990.1 aStudia i Materiały / Wyższa Szkoła Inżynierska w Opolu ;vz.30 0aStudia i Materiały (Wyższa Szkoła Inżynierska w Opolu) ;vz.30 cBPK apol a624.01/.07:539.3 s pl f |000 0 pol  uhttp://koha.tu.koszalin.pl/cgi-bin/koha/opac-detail.pl?biblionumber=29299yKatalog online BPK